00770nam a2200205 a 450000100100000000500170001000800410002704000250006808200150009310000320010824501070014026000710024730000200031849000170033850000210035550000380037683000230041495201120043799900150054900000450420200929151441.0090723s1984 dr r 001 0 spa d aDO-SdBNPbspacBNPHU axxxbB496m1 aBerges, Frederich E.91317310aMercados de capital :bdesarrollo y legislación en la República Dominicana /cFrederich E. Berges. aSanto Domingo :bCentro de Estudios Monetarios y Bancarios,c1984. a59 p. ;c22 cm.1 aConferencias aIncluye índice aIncluye notas al pie de páginas 0aConferencias99567 0010718PDaPDbPDcCTd2009-07-23iLF1l0oxxx B496mp4504-10r2020-06-25w2020-06-25yLFPDZNo se presta c4313d4313